000 00792nam a22002417a 4500
005 20110810113757.0
008 110810t xxu||||| |||| 00| 0 eng d
010 _aENG-103456
020 _a9788183685832
_c200.00
035 _aEN-86989
037 _bDBAD/PUB
040 _aDPL
_bEng
082 _aN
100 _931629
_aSaptharishi, Kausalya
245 _aThe tambrahm bride /
_cby Kausalya Saptharishi
260 _aChennai
_bNew Horizon Media
_c2007
270 _a33/15, Eldams Road
_bChennai
_e600018
_k91 44 42009601
_l91 44 43009701
_msupport@nhm.in
300 _a248p.
_c22cm (pbk)
650 _931639
700 _931640
942 _2ddc
_cEN
_mSAP
_hN
999 _c55460
_d55460